000 00507nam a2200181Ia 4500
005 20250326142607.0
008 250326s9999 xx 000 0 und d
037 _aTextbook
040 _aFMSL
_beng
_cFMSL
041 _aeng
_2eng
084 _qFMSL
100 _aChakraborty SK
_9744397
245 0 _aManagerial Tranas/ormation by values: A corporate Pilgrimage
_cChakraborty SK
260 _aNew Delhi
_bNew Delhi, Sage Pub.
_c1993
300 _a215p
942 _cTB
999 _c1295742
_d1295742